Tennisman français vainqueur de tournois du Grand Chelem - Statistiques

Statistiques générales
  • Ce quiz a été pris 126 fois
  • Le résultat moyen est 2 sur 16
Statistiques - réponses
Wimbledon Rolland Garros US Open Open d'Australie Joueur % Correct
1983 Yannick Noah
96%
1925, 1928 1925, 1927, 1929 1926, 1927 René Lacoste
59%
1924,1926 1924, 1930, 1931 1928 Jean Borotra
28%
1927, 1929 1922, 1926, 1928, 1932 1928 Henri Cochet
27%
1946 Marcel Bernard
8%
1903, 1904, 1907, 1908, 1909, 1912, 1913,1914 Max Decugis
6%
1946 Yvon Petra
4%
1911, 1920 André Gobert
1%
1893 Laurent Riboulet
1%
1894, 1895, 1896, 1901 André Vacherot
0%
1892 Claude Anet
0%
1923 Jean-François Blanchy
0%
1921 Jean Samazeuilh
0%
1902 Marcel Vacherot
0%
1905, 1906, 1910 Maurice Germot
0%
1897, 1898, 1899, 1900 Paul Aymé
0%
Aucun quiz correspondant
Distribution des résultats
% des personnes avec chaque résultat
Percentile par nombre de réponses
Votre historique - résultats
Vous n’avez pas pris ce quiz